| 000 | 01830nam a2200397 i 4500 | ||
|---|---|---|---|
| 003 | DO-SdBNP | ||
| 005 | 20231012100327.0 | ||
| 007 | ta | ||
| 008 | 230622b2022 dr bcd|| |||| 00| 0 spa d | ||
| 020 | _a9789945629255 | ||
| 040 |
_aDO-SdBNP _bspa _cBNPHU _erda |
||
| 082 | 4 |
_a330.97293 _bC744n, 2021 _222 |
|
| 111 | 2 |
_aConcurso Biblioteca Juan Pablo Duarte _96999 _d(2021 : _cSanto Domingo) |
|
| 245 | 1 | 0 |
_aNueva literatura económica dominicana : _bpremios del Concurso Biblioteca Juan Pablo Duarte 2021 / _cedición, José Alcántara Almánzar, Elvis Soto. |
| 264 |
_aSanto Domingo _bBanco Central de la República Dominicana, _c2022. |
||
| 300 |
_a205 páginas : _bretratos, mapas, gráficos ; _c23 cm. |
||
| 336 |
_2rdacontent _atexto _btxt |
||
| 337 |
_2rdamedia _asin mediación _bn |
||
| 338 |
_2rdacarrier _avolumen _bnc |
||
| 490 | 1 |
_aBanco Central de la República Dominicana _v299 |
|
| 490 | 1 |
_aNueva Literatura Económica _v26 |
|
| 500 | _aIncluye referencias bibliográficas y notas al pie de las páginas | ||
| 504 | _aBibliografía : p. 160-161 | ||
| 586 | _aPremios del Concurso Biblioteca Juan Pablo Duarte 2021 | ||
| 590 | _aInventariado, 2023/BT | ||
| 650 | 4 |
_aEducación _zRepública Dominicana _9737 |
|
| 650 | 4 |
_aSistema de pagos _zRepública Dominicana _984466 |
|
| 650 | 4 |
_aPolítica fiscal _zRepública Dominicana |
|
| 651 | 4 |
_aRepública Dominicana _xPolítica económica _vCongresos, conferencias, etc. _97001 |
|
| 651 | 4 |
_aRepública Dominicana _xCondiciones económicas _vCongresos, conferencias, etc. _97000 |
|
| 700 | 1 |
_aAlcántara Almánzar, José, _eedición _930804 |
|
| 700 | 1 |
_aSoto, Elvis, _eedición _912338 |
|
| 830 | 0 |
_aBanco Central de la República Dominicana ; _n299 _pNueva Literatura Económica ; 26 _984467 |
|
| 910 | _aBtavárez/Validado. Control de calidad MFF | ||
| 942 |
_2ddc _cLBS1 |
||
| 999 |
_c53909 _d53909 |
||